01674cam a22003618i 450000100090000000300090000900500170001800800410003502000180007604000380009408200220013210000290015424503650018324600400054825000190058826400680060726400100067530000510068533600260073633700280076233800270079050000830081750000200090065000340092065000550095465300170100965500170102670000400104370000410108394200120112499900170113695201590115320041764EG-ScBUE20250512093856.0170929t2026 ilua f 001 0 eng d a9798888175743 aDLCbengerdacDLCdDLCdEG-ScBUE04a687.0688222bQUI1 aQuinlan, Cindy,eauthor.10aFashion marketing & merchandising /cCindy Quinlan, EdS, marketing and wntrepreneurship teacher, Brookwood High School, Gwinnett Country Public Schools, Snellville, Georgia, Mary G. Wolfe, Virginia Beach, Virginia ; contributing author, Katherine A. Shaw, PhD, associate professor, Department of Art & Design, Eastern Illinois University, Charleston, Illinois.3 aFashion marketing and merchandising aSixth edition. 1aTinley Park, IL :bThe Goodheart-Willcox Company, Inc.,c[2026] 4cc2026 axvi, 640 pages :bcolor illustrations ;c28 cm atextbtxt2rdacontent aunmediatedbn2rdamedia avolumebnc2rdacarrier a"Previously published as The World of Fashion Merchandising by Mary G. Wolfe." aIncludes index. 7aFashion merchandising.2BUEsh 7aFashion merchandisingxVocational guidance.2BUEsh cMay2025bART vReading book1 aWolfe, Mary Gorgen,d1941-eauthor.1 aShaw , Katherine A. , econtributer. 2ddccBB c30967d30938 00102ddc40708BaccahaMAINbMAINc1STd2025-05-12ePurchaseg11369.00h39240l0o687.0688 QUIp000057325r2025-07-15 00:00:00v14211.25w2025-05-12yBB